000 00619nam a22002417a 4500
999 _c6981
_d6981
001 6981
003 BD-JhCC
005 20180329181741.0
008 180127s1904 e o||| |||| 00| 0 eng d
020 _a9848715053
035 _a(BD-JhCC)6981
040 _aBD-JhCC
_dBD-JhCC
041 _aeng
082 _a791.4372
_bCON 1963
100 _aConrad, Joseph
245 _aNostromo :
_bA Tale of the Seaboard /
_cJoseph Conrad
260 _aEngland:
_bPenguin Books Ltd,,
_c1904.
300 _a462 p. :
_c19 cm.
500 _aIncludes Index
650 _aMotions Picture Plays
942 _2ddc
_cBK